[Event "FICGS W-ch st2 g03 email"]
[Site "FICGS email"]
[Date "2022.11.15"]
[Round "1"]
[White "B Oliveira, Marcio"]
[Black "Van Dijk, Erik"]
[Result "1/2-1/2"]
[WhiteElo "2321"]
[BlackElo "2265"]
[PlyCount "106"]
[EventDate "2022.??.??"]
[EventType "tourn (corr)"]
[EventRounds "6"]
[SourceTitle "Corr 2024"]
[Source "ChessBase"]
[SourceDate "2023.10.19"]
[SourceVersion "1"]
[SourceVersionDate "2023.10.19"]
[SourceQuality "1"]

1. c4 Nf6 2. Nf3 g6 3. Nc3 Bg7 4. e4 d6 5. d4 0-0 6. Be2 e5 7. 0-0 Na6 8. Be3 Qe7 9. d5 Ng4 10. Bg5 f6 11. Bh4 g5 12. Bg3 f5 13. exf5 Bxf5 14. Re1 h6 15. Nd2 Nf6 16. a3 b6 17. b4 Nb8 18. Rc1 Nbd7 19. f3 h5 20. Bf2 a6 21. Nf1 Bg6 22. Ng3 Bh6 23. Be3 Qh7 24. Qd2 h4 25. Nge4 Nxe4 26. Nxe4 Bxe4 27. fxe4 Nf6 28. c5 bxc5 29. bxc5 Nxe4 30. Qd1 Nf6 31. Bd3 e4 32. Be2 Rab8 33. cxd6 cxd6 34. Rc6 h3 35. g3 Qe7 36. Rxa6 Bg7 37. Kh1 Rb7 38. Bxg5 e3 39. Ra4 Qe8 40. Bxf6 Rxf6 41. Bh5 Qe5 42. Ra8+ Rf8 43. Rxf8+ Kxf8 44. Qf3+ Kg8 45. Bg6 Re7 46. Bf5 Rf7 47. g4 Bh6 48. Qxh3 Qxd5+ 49. Kg1 Kg7 50. Qh5 Bf4 51. Qh7+ Kf6 52. Qh4+ Kg7 53. Qh7+ Kf6 1/2-1/2

[Event "FICGS W-ch st2 g03 email"]
[Site "FICGS email"]
[Date "2022.11.15"]
[Round "1"]
[White "Murray, Russell"]
[Black "Van Dijk, Erik"]
[Result "1/2-1/2"]
[WhiteElo "2241"]
[BlackElo "2265"]
[PlyCount "87"]
[EventDate "2022.??.??"]
[EventType "tourn (corr)"]
[EventRounds "6"]
[SourceTitle "Corr 2024"]
[Source "ChessBase"]
[SourceDate "2023.10.19"]
[SourceVersion "1"]
[SourceVersionDate "2023.10.19"]
[SourceQuality "1"]

1. e4 c5 2. Nf3 d6 3. d4 cxd4 4. Nxd4 Nf6 5. Nc3 g6 6. Be3 Bg7 7. f3 0-0 8. Qd2 Nc6 9. 0-0-0 d5 10. exd5 Nxd5 11. Nxc6 bxc6 12. Bd4 Bxd4 13. Qxd4 Qb6 14. Na4 Qc7 15. Bc4 Rd8 16. Nc5 Bf5 17. Bb3 Nb6 18. Qc3 h5 19. g3 e6 20. Rxd8+ Rxd8 21. Qf6 Nd5 22. Qd4 Nb6 23. Qf6 Nd5 24. Qg5 Qb6 25. Na4 Qc7 26. Rd1 Kg7 27. Qd2 Re8 28. Nc5 Qb6 29. Na4 Qc7 30. Re1 e5 31. Nc5 Qb6 32. Na4 Qc7 33. a3 Rd8 34. Ba2 Rb8 35. Re2 f6 36. Re1 g5 37. Rd1 Rd8 38. Bc4 Qe7 39. Qf2 g4 40. Be2 e4 41. fxg4 Bxg4 42. c4 Nb6 43. Rxd8 Qxd8 44. Nc5 1/2-1/2

[Event "FICGS W-ch st2 g03 email"]
[Site "FICGS email"]
[Date "2022.11.15"]
[Round "1"]
[White "Pech, Matej"]
[Black "Van Dijk, Erik"]
[Result "1/2-1/2"]
[WhiteElo "1892"]
[BlackElo "2265"]
[PlyCount "79"]
[EventDate "2022.??.??"]
[EventType "tourn (corr)"]
[EventRounds "6"]
[SourceTitle "Corr 2024"]
[Source "ChessBase"]
[SourceDate "2023.10.19"]
[SourceVersion "1"]
[SourceVersionDate "2023.10.19"]
[SourceQuality "1"]

1. d4 f5 2. c4 Nf6 3. Nc3 g6 4. g3 Bg7 5. Bg2 0-0 6. Nf3 d6 7. 0-0 Nc6 8. d5 Ne5 9. Nxe5 dxe5 10. Qb3 h6 11. Bd2 e6 12. Rfd1 exd5 13. cxd5 Rf7 14. Rac1 Ne8 15. Nb5 Nd6 16. Rc2 Bf8 17. Rdc1 Nxb5 18. Qxb5 Kh7 19. Bb4 Bd6 20. Qa5 b6 21. Qa3 e4 22. Bxd6 cxd6 23. f3 exf3 24. Bxf3 Bb7 25. Kg2 Rc8 26. Rxc8 Bxc8 27. Rc6 Rd7 28. Qa4 Rg7 29. Qa3 Rd7 30. Kf2 Bb7 31. Rc3 Rf7 32. Kf1 g5 33. Bh5 Rg7 34. Qxa7 Bxd5 35. Qa6 Qf6 36. Qxb6 f4 37. Ke1 Qe5 38. Rd3 Rb7 39. Qd4 Bxa2 40. gxf4 1/2-1/2

[Event "FICGS W-ch st1 gN 01 email"]
[Site "FICGS email"]
[Date "2022.11.02"]
[Round "1"]
[White "Denisov, Timofey"]
[Black "Van Dijk, Erik"]
[Result "1/2-1/2"]
[WhiteElo "2270"]
[BlackElo "2265"]
[PlyCount "99"]
[EventDate "2022.??.??"]
[EventType "tourn (corr)"]
[EventRounds "1"]
[SourceTitle "Corr 2024"]
[Source "ChessBase"]
[SourceDate "2023.10.19"]
[SourceVersion "1"]
[SourceVersionDate "2023.10.19"]
[SourceQuality "1"]

1. e4 e6 2. d4 d5 3. Nc3 Bb4 4. e5 c5 5. a3 Bxc3+ 6. bxc3 Ne7 7. Qg4 Qc7 8. Qxg7 Rg8 9. Qxh7 cxd4 10. Ne2 Nbc6 11. f4 dxc3 12. Qd3 d4 13. Nxd4 Nxd4 14. Qxd4 Bd7 15. Rg1 Nf5 16. Qf2 Qc6 17. Bd3 Qd5 18. Rb1 Bc6 19. Rb3 0-0-0 20. Rxc3 Kb8 21. g4 Nd4 22. Rg3 Qh1+ 23. Qf1 Nf3+ 24. Kf2 Qxh2+ 25. Qg2 Qxg2+ 26. Rxg2 Ne1 27. Rg3 Nxd3+ 28. cxd3 Rh8 29. Bd2 Rh2+ 30. Ke3 Rd5 31. g5 Be8 32. Be1 b6 33. d4 Rh1 34. Bf2 Kb7 35. Rg2 Rh3+ 36. Rg3 Rh2 37. Rd3 Ra5 38. Rg4 Rh3+ 39. Rg3 Rh2 40. Be1 Ra4 41. f5 exf5 42. Kf4 Re2 43. Rde3 Rxe3 44. Rxe3 Rxd4+ 45. Kxf5 Bc6 46. Kf6 Rf4+ 47. Ke7 Bd5 48. e6 Bxe6 49. g6 Ba2 50. g7 1/2-1/2

[Event "FICGS W-ch st1 gN 01 email"]
[Site "FICGS email"]
[Date "2022.11.02"]
[Round "1"]
[White "Ligon, Scott"]
[Black "Van Dijk, Erik"]
[Result "1/2-1/2"]
[WhiteElo "2303"]
[BlackElo "2265"]
[PlyCount "57"]
[EventDate "2022.??.??"]
[EventType "tourn (corr)"]
[EventRounds "1"]
[SourceTitle "Corr 2024"]
[Source "ChessBase"]
[SourceDate "2023.10.19"]
[SourceVersion "1"]
[SourceVersionDate "2023.10.19"]
[SourceQuality "1"]

1. e4 e6 2. d4 d5 3. Nc3 Nf6 4. e5 Nfd7 5. f4 c5 6. Nf3 Nc6 7. Be3 Be7 8. Qd2 a6 9. Be2 b5 10. a3 0-0 11. 0-0 Qb6 12. Nd1 a5 13. c3 cxd4 14. cxd4 b4 15. a4 Ba6 16. Bxa6 Qxa6 17. b3 Rfc8 18. Rc1 Bd8 19. Nb2 Ne7 20. Bf2 Rxc1 21. Rxc1 Rc8 22. Nd3 Rxc1+ 23. Nxc1 h5 24. Ne2 Nf5 25. Qc2 h4 26. g4 hxg3 27. hxg3 Nh6 28. Kg2 Nf8 29. Be3 1/2-1/2

[Event "FICGS W-ch st1 gN 01 email"]
[Site "FICGS email"]
[Date "2022.03.14"]
[Round "1"]
[White "Rosabal, Rolando"]
[Black "Van Dijk, Erik"]
[Result "1/2-1/2"]
[WhiteElo "2191"]
[BlackElo "2245"]
[PlyCount "47"]
[EventDate "2022.??.??"]
[EventType "tourn (corr)"]
[EventRounds "1"]
[SourceTitle "Corr 2024"]
[Source "ChessBase"]
[SourceDate "2023.10.19"]
[SourceVersion "1"]
[SourceVersionDate "2023.10.19"]
[SourceQuality "1"]

1. Nf3 d5 2. c4 d4 3. b4 f6 4. e3 e5 5. c5 a5 6. Qa4+ Bd7 7. b5 Bxc5 8. Bc4 Ne7 9. exd4 exd4 10. Ba3 Bxa3 11. Qxa3 c6 12. Nxd4 cxb5 13. Nxb5 Bxb5 14. Bxb5+ Nbc6 15. 0-0 0-0 16. Nc3 Nd4 17. Bc4+ Kh8 18. Rab1 Nef5 19. h3 Rc8 20. Qa4 Qc7 21. Bd3 Qf4 22. Qxa5 Nf3+ 23. gxf3 Qg5+ 24. Kh2 1/2-1/2

[Event "FICGS W-ch st1 gN 01 email"]
[Site "FICGS email"]
[Date "2021.07.11"]
[Round "1"]
[White "Duttagupta, Aniruddha"]
[Black "Van Dijk, Erik"]
[Result "1/2-1/2"]
[WhiteElo "2211"]
[BlackElo "2201"]
[PlyCount "77"]
[EventDate "2021.??.??"]
[EventType "tourn (corr)"]
[EventRounds "6"]
[SourceTitle "Corr 2024"]
[Source "ChessBase"]
[SourceDate "2023.10.19"]
[SourceVersion "1"]
[SourceVersionDate "2023.10.19"]
[SourceQuality "1"]

1. e4 c5 2. Nf3 d6 3. d4 cxd4 4. Nxd4 Nf6 5. Nc3 a6 6. Bg5 Nbd7 7. Qe2 h6 8. Bh4 g6 9. f4 e5 10. fxe5 dxe5 11. 0-0-0 Qc7 12. Nb3 b5 13. Nd5 Nxd5 14. exd5 Bd6 15. Qd2 Kf8 16. g4 Kg7 17. Qg2 Bb7 18. Bd3 g5 19. Be1 Nf6 20. Ba5 Qe7 21. Bf5 e4 22. Bc3 e3 23. Na5 b4 24. Bd4 Bf4 25. Kb1 Rhe8 26. Nxb7 Qxb7 27. Rhe1 Rad8 28. Qf3 a5 29. Rd3 Rd6 30. h4 a4 31. Bxe3 Bxe3 32. Rexe3 Rxd5 33. hxg5 hxg5 34. Kc1 Rxd3 35. Qxb7 Rdxe3 36. Qxb4 Re1+ 37. Kd2 R8e2+ 38. Kd3 Re3+ 39. Kd2 1/2-1/2

[Event "FICGS W-ch st1 gN 01 email"]
[Site "FICGS email"]
[Date "2021.07.11"]
[Round "1"]
[White "Jabot, Daniel"]
[Black "Van Dijk, Erik"]
[Result "1/2-1/2"]
[WhiteElo "2225"]
[BlackElo "2201"]
[PlyCount "59"]
[EventDate "2021.??.??"]
[EventType "tourn (corr)"]
[EventRounds "6"]
[SourceTitle "Corr 2024"]
[Source "ChessBase"]
[SourceDate "2023.10.19"]
[SourceVersion "1"]
[SourceVersionDate "2023.10.19"]
[SourceQuality "1"]

1. e4 c5 2. Nf3 d6 3. d4 cxd4 4. Nxd4 Nf6 5. Nc3 a6 6. Bg5 Nbd7 7. f4 Qc7 8. Qf3 b5 9. 0-0-0 Bb7 10. Bd3 g6 11. Nd5 Nxd5 12. exd5 Bg7 13. Rhe1 Nf6 14. Nc6 Bxc6 15. dxc6 d5 16. f5 Qxc6 17. h4 Ra7 18. g4 Rd7 19. Kb1 0-0 20. Qf4 Rc8 21. Bh6 Bxh6 22. Qxh6 Nxg4 23. Qd2 h5 24. fxg6 fxg6 25. Qg5 e5 26. Bf5 Kg7 27. Rg1 d4 28. Rc1 Rf8 29. Bxg4 hxg4 30. Qxe5+ 1/2-1/2

[Event "FICGS W-ch st1 gN 01 email"]
[Site "FICGS email"]
[Date "2021.07.11"]
[Round "1"]
[White "Van Dijk, Erik"]
[Black "Walton, John"]
[Result "1/2-1/2"]
[WhiteElo "2201"]
[BlackElo "2287"]
[PlyCount "107"]
[EventDate "2021.??.??"]
[EventType "tourn (corr)"]
[EventRounds "6"]
[SourceTitle "Corr 2024"]
[Source "ChessBase"]
[SourceDate "2023.10.19"]
[SourceVersion "1"]
[SourceVersionDate "2023.10.19"]
[SourceQuality "1"]

1. d4 Nf6 2. c4 g6 3. Nc3 Bg7 4. e4 d6 5. f3 0-0 6. Be3 c5 7. Nge2 Nc6 8. d5 Ne5 9. Ng3 h5 10. Be2 e6 11. Bg5 Qb6 12. Qb3 exd5 13. Qxb6 axb6 14. cxd5 Bd7 15. a4 Rfe8 16. h4 Ra5 17. Ra3 Rea8 18. Rb3 Bxa4 19. Rxb6 Nfd7 20. Rxb7 c4 21. 0-0 Nc5 22. Rb6 Ncd7 23. Rb4 Bc2 24. Be7 R5a6 25. f4 Ng4 26. Rxc4 Ne3 27. Rb4 Nxf1 28. Kxf1 Rb6 29. Rxb6 Nxb6 30. Bxd6 Bf6 31. Ke1 Na4 32. Kd2 Bb3 33. f5 Nxc3 34. bxc3 Rc8 35. fxg6 fxg6 36. Bd3 Bxc3+ 37. Ke3 Bf6 38. Ne2 Bxh4 39. Nd4 Bc4 40. Bxc4 Rxc4 41. Kd3 Ra4 42. Nc6 Kf7 43. e5 Ke8 44. e6 Ra1 45. Be5 Rd1+ 46. Kc4 Rc1+ 47. Kb5 Be7 48. d6 Bxd6 49. Bxd6 h4 50. Ne7 Re1 51. Nd5 Rxe6 52. Nc7+ Kd7 53. Nxe6 Kxd6 54. Ng5 1/2-1/2

[Event "FICGS rapid M 000123 email"]
[Site "FICGS email"]
[Date "2021.03.29"]
[Round "1"]
[White "Van Dijk, Erik"]
[Black "Rodriguez Perez, Rene"]
[Result "1/2-1/2"]
[WhiteElo "2193"]
[BlackElo "2140"]
[PlyCount "148"]
[EventDate "2021.??.??"]
[EventType "tourn (rapid)"]
[EventRounds "6"]
[SourceTitle "Corr 2024"]
[Source "ChessBase"]
[SourceDate "2023.10.19"]
[SourceVersion "1"]
[SourceVersionDate "2023.10.19"]
[SourceQuality "1"]

1. d4 d5 2. c4 c6 3. Nf3 Nf6 4. Nc3 e6 5. Bg5 h6 6. Bh4 dxc4 7. e4 g5 8. Bg3 b5 9. Be2 b4 10. Na4 Nxe4 11. Be5 Nf6 12. Nc5 c3 13. bxc3 bxc3 14. 0-0 g4 15. Qb3 Bxc5 16. dxc5 Nbd7 17. Rfd1 Rg8 18. Ne1 Nd5 19. Bd6 Qa5 20. Qc4 Qb4 21. Qd3 f5 22. Qg3 N7f6 23. Nd3 Qb7 24. f3 Qg7 25. Ne5 Qg5 26. Qf2 Nf4 27. fxg4 Nxe2+ 28. Qxe2 Nxg4 29. Nc4 Kf7 30. h3 Nf6 31. Ne5+ Kg7 32. Nf3 Qg6 33. Be5 Kh7 34. Nh4 Qf7 35. Bxc3 a5 36. Rac1 Ra7 37. Be5 Ba6 38. Qe1 Nd5 39. Rd4 Qh5 40. Rc2 Rb7 41. Rcd2 Rb4 42. Rxb4 axb4 43. a3 b3 44. Kh2 Bc4 45. a4 Qg5 46. a5 Qe7 47. Bb2 Qc7+ 48. Kg1 Qf7 49. Qe5 Qe7 50. Rd4 Ba6 51. Rg4 Qf6 52. Qxf6 Nxf6 53. Rxg8 Nxg8 54. Nf3 Kg6 55. Ne5+ Kg5 56. Nxc6 Bc4 57. Ne5 Ba6 58. Nf3+ Kg6 59. Kf2 Ne7 60. Ne5+ Kg5 61. c6 f4 62. Nf3+ Kg6 63. c7 Nd5 64. Nd4 Nxc7 65. Nxb3 Kf5 66. Nd4+ Ke4 67. g3 fxg3+ 68. Kxg3 Bf1 69. Nb3 Kd5 70. Nd2 Ba6 71. Bg7 h5 72. Nf3 Nb5 73. Kh4 Nd6 74. Bb2 Be2 1/2-1/2

[Event "FICGS rapid M 000123 email"]
[Site "FICGS email"]
[Date "2021.03.29"]
[Round "1"]
[White "Vasquez, Fernando Jose Pinto"]
[Black "Van Dijk, Erik"]
[Result "1/2-1/2"]
[WhiteElo "2107"]
[BlackElo "2193"]
[PlyCount "66"]
[EventDate "2021.??.??"]
[EventType "tourn (rapid)"]
[EventRounds "6"]
[SourceTitle "Corr 2022"]
[Source "ChessBase"]
[SourceDate "2021.10.24"]
[SourceVersion "1"]
[SourceVersionDate "2021.10.24"]
[SourceQuality "1"]

1. e4 c5 2. c3 Nf6 3. e5 Nd5 4. d4 cxd4 5. Nf3 Nc6 6. cxd4 d6 7. Bc4 Nb6 8. Bb5 Bd7 9. Nc3 dxe5 10. dxe5 g6 11. 0-0 Bg7 12. Qe2 0-0 13. Rd1 Qc7 14. a4 Nxe5 15. Bxd7 Nxf3+ 16. Qxf3 Nxd7 17. Nd5 Qe5 18. Bf4 Qxb2 19. Rab1 Qa2 20. Rxb7 Nc5 21. Rb5 Ne6 22. Be5 Bxe5 23. Nxe7+ Kg7 24. Rxe5 Qb2 25. Ree1 Rfe8 26. h4 Qf6 27. Qxf6+ Kxf6 28. Nd5+ Kg7 29. Rxe6 Rxe6 30. Nc7 Rae8 31. Nxe8+ Rxe8 32. Rd7 a6 33. Ra7 Re6 1/2-1/2

[Event "FICGS W-ch st1 gN 01 email"]
[Site "FICGS email"]
[Date "2020.11.05"]
[Round "1"]
[White "Gounant, Stanislas"]
[Black "Van Dijk, Erik"]
[Result "1/2-1/2"]
[WhiteElo "2198"]
[BlackElo "2169"]
[PlyCount "109"]
[EventDate "2020.??.??"]
[EventType "tourn (corr)"]
[EventRounds "6"]
[SourceTitle "Corr 2022"]
[Source "ChessBase"]
[SourceDate "2021.10.24"]
[SourceVersion "1"]
[SourceVersionDate "2021.10.24"]
[SourceQuality "1"]

1. b3 e5 2. Bb2 Nc6 3. e3 d5 4. Bb5 Bd6 5. f4 f6 6. Qh5+ g6 7. Qh4 exf4 8. Nf3 fxe3 9. 0-0 Bd7 10. Bd3 Qe7 11. Nc3 Nb4 12. Bxg6+ hxg6 13. Qxh8 0-0-0 14. dxe3 Qxe3+ 15. Kh1 Ne7 16. Qxf6 Nf5 17. Bc1 Qe8 18. Bg5 Be7 19. Qe5 Bxg5 20. Qxe8 Rxe8 21. Nxg5 d4 22. Nce4 Bc6 23. c3 Nc2 24. Rac1 d3 25. Rf4 Nfe3 26. Rg1 Bxe4 27. Rxe4 Rd8 28. Nf7 Rd5 29. Re8+ Kd7 30. Rd8+ Ke6 31. Rxd5 Kxd5 32. c4+ Kd4 33. Ng5 Nf5 34. Rf1 Ke3 35. Rf3+ Ke2 36. Ne4 Ncd4 37. Nc3+ Kd2 38. Ne4+ Kc2 39. Rf2+ Ne2 40. Nc5 b6 41. Nxd3 Kxd3 42. g4 Nd6 43. h4 Ke3 44. Rf6 Nf4 45. h5 gxh5 46. gxh5 Nxh5 47. Re6+ Ne4 48. Kg1 c5 49. Re7 Kd3 50. Rxa7 Nhg3 51. Ra6 Ne2+ 52. Kh2 Nc1 53. b4 cxb4 54. Rxb6 Kc3 55. c5 1/2-1/2

[Event "FICGS W-ch st1 gN 01 email"]
[Site "FICGS email"]
[Date "2020.11.05"]
[Round "1"]
[White "Koslowski, Volker"]
[Black "Van Dijk, Erik"]
[Result "1-0"]
[WhiteElo "2170"]
[BlackElo "2169"]
[PlyCount "121"]
[EventDate "2020.??.??"]
[EventType "tourn (corr)"]
[EventRounds "6"]
[SourceTitle "Corr 2022"]
[Source "ChessBase"]
[SourceDate "2021.10.24"]
[SourceVersion "1"]
[SourceVersionDate "2021.10.24"]
[SourceQuality "1"]

1. e4 e5 2. Nf3 Nc6 3. Bb5 a6 4. Ba4 Nf6 5. 0-0 b5 6. Bb3 Bb7 7. d3 Be7 8. Re1 0-0 9. Nc3 d6 10. a3 Re8 11. Nd5 Nxd5 12. Bxd5 Qc8 13. Ng5 Bxg5 14. Bxg5 Nd4 15. Ba2 c5 16. h3 Qc7 17. c3 Ne6 18. Be3 a5 19. Qg4 Bc8 20. Qg3 c4 21. Rad1 Rb8 22. f3 Ba6 23. Rd2 Nc5 24. d4 Ne6 25. Bb1 b4 26. Bc2 f6 27. Kh2 bxa3 28. bxa3 Rb2 29. f4 exf4 30. Bxf4 Nxf4 31. Qxf4 Bb7 32. Rde2 Rf8 33. e5 Rxc2 34. Rxc2 fxe5 35. Qg3 e4 36. Rf2 Rxf2 37. Qxf2 Qd7 38. Rb1 h6 39. Qf4 Bc6 40. Rb8+ Kh7 41. Rf8 a4 42. Qf7 Qxf7 43. Rxf7 Kg6 44. Rc7 Ba8 45. Kg1 e3 46. Re7 Kf5 47. Rxe3 Be4 48. Kf2 h5 49. Re2 g6 50. Rb2 Bd3 51. Ke3 h4 52. Rb5+ Ke6 53. Kf4 Bf1 54. Kf3 Bd3 55. Kg4 Be4 56. Kxh4 Bxg2 57. Kg3 Bc6 58. Ra5 Ke7 59. d5 Bd7 60. h4 Be8 61. Kf4 1-0

[Event "LSS SA-2020-0-00739"]
[Site "LSS email"]
[Date "2020.10.22"]
[Round "?"]
[White "Cleto Junior, Dirceu"]
[Black "Van Dijk, Erik"]
[Result "1/2-1/2"]
[WhiteElo "2038"]
[BlackElo "2102"]
[PlyCount "75"]
[EventDate "2020.09.21"]
[EventType "tourn (corr)"]
[EventRounds "6"]
[EventCountry "GER"]
[SourceTitle "Corr 2024"]
[Source "ChessBase"]
[SourceDate "2023.10.19"]
[SourceVersion "1"]
[SourceVersionDate "2023.10.19"]
[SourceQuality "1"]

1. d4 f5 2. c4 Nf6 3. g3 g6 4. Bg2 Bg7 5. Nf3 0-0 6. 0-0 d6 7. Nc3 Qe8 8. d5 Na6 9. Be3 Nc5 10. b4 Nce4 11. Nxe4 Nxe4 12. Rc1 a5 13. b5 b6 14. Qc2 Qf7 15. a4 Bd7 16. Nd4 Nc5 17. Ne6 Nxe6 18. dxe6 Bxe6 19. Bxa8 Rxa8 20. Qd2 Rf8 21. Bd4 Bxd4 22. Qxd4 f4 23. f3 Bh3 24. Rf2 e5 25. Qd5 Be6 26. Qd3 Qf6 27. e3 fxg3 28. hxg3 Kg7 29. Qd2 Qg5 30. Kg2 Qf5 31. Rh1 Qf6 32. Qc3 h6 33. e4 g5 34. Qe3 Qf7 35. Qc3 Qf6 36. Kf1 Bf7 37. g4 Be6 38. Qe3 1/2-1/2

[Event "LSS SA-2020-0-00739"]
[Site "LSS email"]
[Date "2020.10.22"]
[Round "?"]
[White "Rodriguez, Raul"]
[Black "Van Dijk, Erik"]
[Result "0-1"]
[WhiteElo "2120"]
[BlackElo "2102"]
[PlyCount "32"]
[EventDate "2020.09.21"]
[EventType "tourn (corr)"]
[EventRounds "6"]
[EventCountry "GER"]
[SourceTitle "Corr 2024"]
[Source "ChessBase"]
[SourceDate "2023.10.19"]
[SourceVersion "1"]
[SourceVersionDate "2023.10.19"]
[SourceQuality "1"]

1. e4 c5 2. Nf3 d6 3. d4 cxd4 4. Qxd4 Nc6 5. Bb5 Bd7 6. Bxc6 Bxc6 7. Nc3 Nf6 8. Bg5 e6 9. Qd3 Be7 10. Nd4 Qb6 11. 0-0 0-0 12. h3 h6 13. Be3 Qc7 14. Ncb5 Qb8 15. Nxc6 bxc6 16. Nxd6 Qxd6 0-1

[Event "RA-2020-0-00671"]
[Site "LSS email"]
[Date "2020.10.22"]
[Round "?"]
[White "Rodriguez, Raul"]
[Black "Van Dijk, Erik"]
[Result "1/2-1/2"]
[WhiteElo "2120"]
[BlackElo "2102"]
[PlyCount "128"]
[EventDate "2020.08.07"]
[EventType "tourn (corr)"]
[EventRounds "6"]
[EventCountry "GER"]
[SourceTitle "Corr 2022"]
[Source "ChessBase"]
[SourceDate "2021.10.24"]
[SourceVersion "1"]
[SourceVersionDate "2021.10.24"]
[SourceQuality "1"]

1. e4 e5 2. Nf3 Nc6 3. Bc4 Nf6 4. d3 Bc5 5. Bg5 h6 6. Bh4 d6 7. c3 a6 8. a4 g5 9. Bg3 0-0 10. h3 Nh5 11. Bh2 Qf6 12. Nbd2 Nf4 13. Bxf4 gxf4 14. 0-0 a5 15. Qe2 Kh8 16. Kh1 Rg8 17. Rg1 Rg7 18. Nh2 Bd7 19. Bb5 Qh4 20. Raf1 f5 21. Nhf3 Qf6 22. Rb1 Rag8 23. Bc4 Rf8 24. Bd5 Nd8 25. b4 axb4 26. cxb4 Ba7 27. b5 fxe4 28. dxe4 Bb6 29. Nc4 Bc5 30. Ncd2 c6 31. bxc6 bxc6 32. Bc4 Ne6 33. a5 Nc7 34. Rgc1 Nb5 35. Qf1 Bc8 36. Ra1 Nd4 37. Rab1 Nb5 38. Ra1 Bd7 39. a6 Ra8 40. Rc2 Na3 41. Rcc1 Be8 42. Bd3 Nb5 43. Rxc5 dxc5 44. Nc4 Bh5 45. Ncxe5 Nd4 46. Nxd4 Qxe5 47. Nf5 Rd7 48. Re1 Qc3 49. Bc4 Qxe1 50. Qxe1 Rd1 51. Qg1 Rxg1+ 52. Kxg1 Bg6 53. Nd6 Kg7 54. e5 Bh7 55. g4 fxg3 56. f4 Bg8 57. e6 Kf6 58. Ne4+ Kf5 59. Nd6+ Kxf4 60. e7 Bxc4 61. Nxc4 Kf3 62. Ne5+ Kf4 63. Nxc6 Kf3 64. Ne5+ Ke4 1/2-1/2

[Event "LSS SA-2020-0-00739"]
[Site "LSS email"]
[Date "2020.10.22"]
[Round "?"]
[White "Van Dijk, Erik"]
[Black "Bhaskar, Adithya"]
[Result "1/2-1/2"]
[WhiteElo "2102"]
[BlackElo "2078"]
[PlyCount "64"]
[EventDate "2020.09.21"]
[EventType "tourn (corr)"]
[EventRounds "6"]
[EventCountry "GER"]
[SourceTitle "Corr 2024"]
[Source "ChessBase"]
[SourceDate "2023.10.19"]
[SourceVersion "1"]
[SourceVersionDate "2023.10.19"]
[SourceQuality "1"]

1. d4 Nf6 2. c4 g6 3. Nc3 d5 4. Nf3 Bg7 5. Qb3 dxc4 6. Qxc4 0-0 7. e4 a6 8. e5 b5 9. Qb3 Nfd7 10. e6 fxe6 11. Be2 Nb6 12. Be3 Nc6 13. Rd1 Nd5 14. 0-0 Na5 15. Qc2 Bb7 16. Ng5 Nxe3 17. fxe3 Bh6 18. Rxf8+ Qxf8 19. Rf1 Qe8 20. h4 Qd7 21. Bd3 Nc4 22. Bxc4 bxc4 23. Na4 Bxg5 24. hxg5 Qd5 25. Nc5 Bc6 26. Qf2 e5 27. Nxa6 exd4 28. Nxc7 dxe3 29. Qe2 Qd3 30. Qg4 e2 31. Qe6+ Kh8 32. Qe5+ Kg8 1/2-1/2

[Event "RA-2020-0-00671"]
[Site "LSS email"]
[Date "2020.10.22"]
[Round "?"]
[White "Van Dijk, Erik"]
[Black "Farnik, Kym"]
[Result "1/2-1/2"]
[WhiteElo "2102"]
[BlackElo "2087"]
[PlyCount "48"]
[EventDate "2020.08.07"]
[EventType "tourn (corr)"]
[EventRounds "6"]
[EventCountry "GER"]
[SourceTitle "Corr 2022"]
[Source "ChessBase"]
[SourceDate "2021.10.24"]
[SourceVersion "1"]
[SourceVersionDate "2021.10.24"]
[SourceQuality "1"]

1. e4 c5 2. Nf3 Nc6 3. d4 cxd4 4. Nxd4 Nf6 5. Nc3 e5 6. Ndb5 d6 7. Bg5 a6 8. Na3 b5 9. Nd5 Be7 10. Bxf6 Bxf6 11. c3 Bg5 12. Nc2 Rb8 13. a4 bxa4 14. Nce3 0-0 15. Qxa4 Bxe3 16. Nxe3 Ne7 17. 0-0-0 Be6 18. Bc4 Qc7 19. Rd2 Nc6 20. Qa2 Rb5 21. Nd5 Bxd5 22. Rxd5 Rxd5 23. Bxd5 Nb4 24. Qc4 Nxd5 1/2-1/2

[Event "LSS SA-2020-0-00739"]
[Site "LSS email"]
[Date "2020.10.22"]
[Round "?"]
[White "Van Dijk, Erik"]
[Black "Nicolaescu, Nicolae"]
[Result "0-1"]
[WhiteElo "2102"]
[BlackElo "2108"]
[PlyCount "130"]
[EventDate "2020.09.21"]
[EventType "tourn (corr)"]
[EventRounds "6"]
[EventCountry "GER"]
[SourceTitle "Corr 2024"]
[Source "ChessBase"]
[SourceDate "2023.10.19"]
[SourceVersion "1"]
[SourceVersionDate "2023.10.19"]
[SourceQuality "1"]

1. e4 c5 2. Nc3 Nc6 3. g3 g6 4. Bg2 Bg7 5. d3 e6 6. Be3 d6 7. Qd2 Nge7 8. Bh6 Bxh6 9. Qxh6 Nd4 10. 0-0-0 b5 11. h4 e5 12. h5 b4 13. Nce2 Ng8 14. Qd2 Nf6 15. hxg6 fxg6 16. Nxd4 cxd4 17. Nf3 a5 18. Kb1 Rb8 19. Ng5 Rb7 20. f4 Ng4 21. Rde1 Ne3 22. Bh3 Bxh3 23. Rxh3 Qf6 24. Reh1 h5 25. Nf3 Rc7 26. Ne1 exf4 27. gxf4 Qxf4 28. Ng2 Qg5 29. Nxe3 dxe3 30. Qe1 Qc5 31. Qe2 0-0 32. Rxe3 Rcf7 33. Rg3 Kg7 34. Rhg1 Rf6 35. b3 R8f7 36. Qd1 Qe5 37. Rh3 Kh6 38. Re1 Rf2 39. d4 Qe6 40. Rh4 R7f3 41. Qc1+ Kg7 42. e5 d5 43. Qg5 Qf5 44. Qxf5 Rxf5 45. Rhh1 R5f4 46. e6 Kf8 47. e7+ Ke8 48. a3 Re4 49. Reg1 Rg4 50. Rxg4 hxg4 51. Rg1 Rf4 52. c3 bxc3 53. Kc2 Kxe7 54. b4 axb4 55. axb4 Rxd4 56. Kxc3 Rc4+ 57. Kb3 Kd6 58. Rg2 Re4 59. Kc3 g5 60. Kb3 Ke5 61. b5 Kd6 62. Kc3 Rc4+ 63. Kd3 Rb4 64. b6 Ke5 65. Kc3 Rxb6 0-1

[Event "RA-2020-0-00671"]
[Site "LSS email"]
[Date "2020.10.22"]
[Round "?"]
[White "Zholob, Anatolij"]
[Black "Van Dijk, Erik"]
[Result "1/2-1/2"]
[WhiteElo "2052"]
[BlackElo "2102"]
[PlyCount "79"]
[EventDate "2020.08.07"]
[EventType "tourn (corr)"]
[EventRounds "6"]
[EventCountry "GER"]
[SourceTitle "Corr 2022"]
[Source "ChessBase"]
[SourceDate "2021.10.24"]
[SourceVersion "1"]
[SourceVersionDate "2021.10.24"]
[SourceQuality "1"]

1. d4 Nf6 2. c4 g6 3. Nc3 d5 4. Nf3 Bg7 5. Qb3 dxc4 6. Qxc4 0-0 7. e4 Na6 8. Be2 c5 9. d5 e6 10. 0-0 exd5 11. exd5 Re8 12. Rd1 Bf5 13. d6 h6 14. Bf4 Nd7 15. Rd2 Nb4 16. Qb3 Be6 17. Bc4 Nb6 18. Bxe6 Rxe6 19. Na4 Nxa4 20. Qxa4 Nc6 21. Qb5 g5 22. Bg3 Qb6 23. Qc4 Nd4 24. Nxd4 Bxd4 25. Rad1 Qc6 26. b4 Qe4 27. Rc1 b6 28. h3 Rd8 29. bxc5 bxc5 30. Qb3 h5 31. Kh1 g4 32. h4 Kg7 33. Kh2 Rdxd6 34. Bxd6 Rxd6 35. Qc2 Qe5+ 36. g3 Rf6 37. Re2 Qd5 38. Rf1 a5 39. Qe4 Qc4 40. Qc2 1/2-1/2